| 000 | 01216nam0a22003131 4500 | ||
|---|---|---|---|
| 001 | v19\rc\1945161 | ||
| 005 | 20250619203558.0 | ||
| 035 | _a(NLR Aleph) 005030967 | ||
| 090 |
_a6690591 _c6690591 |
||
| 100 | _a20080428e19131913|||y0rusy50 ca | ||
| 101 | 1 |
_arus _cita |
|
| 102 | _aRU | ||
| 105 | _aa z ||||| | ||
| 200 | 1 | _aВновь открытые юношеские работы Рафаэля | |
| 210 |
_aСанкт-Петербург _cтип. "Сириус" _d[1913] |
||
| 215 |
_a13 с., 5 л. ил. _d26 |
||
| 300 | _aНа 1-й с. текста загл. также на фр. яз.: G. Galassi. Les oeuvres de jeunesse de Raphaël dernièrement identifiées | ||
| 309 | _aБез тит. л. | ||
| 311 | _aОтт. из журн. "Старые годы". Дек., 1913 г. | ||
| 488 | 0 |
_12001#$aСтарые годы$v1913, дек. _tСтарые годы |
|
| 517 | 0 | _aLes oeuvres de jeunesse de Raphaël dernièrement identifiées | |
| 700 | 1 |
_aГаласи _bД. _gДжузеппе |
|
| 702 | 1 |
_aРафаэль _bС. _f1483-1520 _gСанти _4570 |
|
| 801 | 0 |
_aRU _bNLR _gpsbo |
|
| 801 | 0 |
_aRU _bRuMoRGB _2psbo |
|
| 801 | 1 |
_aRU _bProSoft-M _2rusmarc |
|
| 852 |
_aNLR _j34/1175 |
||
| 942 | _cBOOK | ||
| 980 | _aNB | ||